Statistics for NATO Countries

Click here to take the quiz!

General Stats

  • This quiz has been taken 16 times
  • The average score is 26 of 30

Answers on the Map

Answers color-coded by a green-red scale on the quiz's map according to % correct below.
 

Answer Stats

Answer% Correct
Belgium
93%
Canada
93%
Czechia
93%
Estonia
93%
France
93%
Greece
93%
Italy
93%
Montenegro
93%
Norway
93%
Portugal
93%
Romania
93%
Spain
93%
Turkey
93%
UK
93%
United States
93%
Albania
86%
Croatia
86%
Denmark
86%
Germany
86%
Iceland
86%
Latvia
86%
Luxembourg
86%
Netherlands
86%
North Macedonia
86%
Poland
86%
Slovakia
86%
Bulgaria
79%
Hungary
79%
Slovenia
79%
Lithuanaia
57%

Score Distribution

Percentile by Number Answered

Percent of People with Each Score

Your Score History

You have not taken this quiz